000 01267nam a2200289 i 4500
001 000026939
003 DO-SdBNP
005 20260606200734.0
007 ta
008 110328s1987 dr ac r 000 0 spa d
040 _aDO-SdBNP
_bspa
_cBNPHU
_erda
082 4 _223
_a709.0113
_bS612a
111 2 _aVIII Simposium Internacional de Arte Rupestre Americano
_n(8vo :
_d1987 jun. 8-13 :
_cSanto Domingo)
_954037
245 1 0 _aActas del VIII simposium internacional de arte rupestre americano = Proceedings of the VIII international symposium of american rock art /
246 1 0 _aProceedings of the VIII international symposium of american rock art.
264 _aSant Cristobal, República Dominicana :
_bMuseo del Hombre Americano,
_c1987
300 _a486 páginas :
_bilustraciones, retratos ;
_c22 cm
336 _2rdacontent
_atexto
_btxt
337 _2rdamedia
_asin mediación
_bn
338 _2rdacarrier
_avolumen
_bnc
590 _aInventariado, 2024/BT
650 7 _2armarc
_aArte rupestre
_xCongresos, conferencias, etc.
_zCaribe (Región)
_989893
650 7 _aPetroglifos
_xCongresos, conferencias, etc.
_zCaribe (Región)
_989894
650 7 _aPictografía
_xCongresos, conferencias, etc.
_zCaribe (Región)
_989895
910 _aBtavárez
942 _2ddc
_cLBS1
999 _c26431
_d26431